000 01115na a2200325 4500
001 22071
003 MIRAKIL
005 20181213154912.0
008 170210b tu 000 0
040 _aMilas
_btur
_cTR-AnCHP
041 _atur
090 _aSHP 4
100 _aBaykal, Deniz
_cGenel Sekreter
222 _aDeniz Baykal'ın konuşmaları
245 _aGenel sekreteri Deniz Baykal'ın İzmir Gençlik Şöleninde yaptığı konuşma
_c[Deniz Baykal]
246 _aİzmir Gençlik Şöleninde yaptığı konuşma
260 _aAnkara
_b[SHP]
_c9 Temmuz
300 _a16 s.
_c20 sm.
440 _aSHP yayınları
_pSöylev ve demeçler
600 _aBaykal, Deniz
_xSöylev ve demeçler
600 _aBaykal, Deniz
_cSHP Genel Sekreteri
_xKonuşmalar, 1989
610 _aSHP
_xSöylev ve demeçler
650 _aSHP Genel başkanları
_xBaykal, Deniz
_yKonuşmalar, 1989
_yGençlik Şöleni
657 _aDeniz Baykal'ın konuşmaları
710 _aSHP
740 _aSHP Genel Sekreteri Deniz Baykal'ın Konuşmaları
830 _aSHP yayınları
942 _2dcc
_cBKS
999 _c2866
_d2866